000 00850nam a2200325 a 4500
003 AR-BaBNM
005 20251128203721.0
008 082120s2002 ||||||||||||||000 | spa||
040 _cAR-BaBNM
100 1 _aFrank, Waldo
245 0 0 _aEspaña virgen
_bescenas del drama espiritual de un gran pueblo
260 _aBuenos Aires
_bLosada
_c1958
300 _a287 p.
490 0 _aCristal del tiempo
650 4 _aLITERATURA ESTADOUNIDENSE
650 4 _aESCRITORES
650 4 _aVIAJES
650 4 _aCRITICA LITERARIA
650 4 _aHISTORIA LITERARIA
650 4 _aENSAYO
650 4 _aHISTORIA
650 4 _aANTROPOLOGIA CULTURAL Y SOCIAL
651 4 _aEspaña
653 _aNARRATIVA
655 _aLITERATURA
700 1 _aReyes, Alfonso
_eprologuista
700 1 _aFelipe, León
_etraductor
942 _cBK
998 _cMARTIN
999 _c4615
_d4615